000 00546nam a2200181Ia 4500
008 090123s9999 xx 000 0 und d
082 _b40663
100 _aशेवते गणेश
245 _aअबिलिव्हेबल
250 _a1
260 _bज्ञानदत्त प्रकाशन
_c2006
300 _a221
600 _aशेवते गणेश
630 _aअबिलिव्हेबल
700 _aशेवते गणेश
730 _aअबिलिव्हेबल
942 _cBOOK
999 _c78742
_d78742